Every man a tiger (Record no. 5206)
[ view plain ]
| 000 -LEADER | |
|---|---|
| fixed length control field | 01599 a2200205 4500 |
| 020 ## - INTERNATIONAL STANDARD BOOK NUMBER | |
| International Standard Book Number | 0330486055 |
| 040 ## - CATALOGING SOURCE | |
| Original cataloging agency | DLC |
| Language of cataloging | DLC |
| 082 ## - DEWEY DECIMAL CLASSIFICATION NUMBER | |
| Classification number | 956.70442092 |
| 100 1# - MAIN ENTRY--PERSONAL NAME | |
| Personal name | Clancy, Tom, |
| 245 10 - TITLE STATEMENT | |
| Title | Every man a tiger |
| Statement of responsibility, etc. | Tom Clancy with Chuck Horner. |
| 260 ## - PUBLICATION, DISTRIBUTION, ETC. | |
| Place of publication, distribution, etc. | London : |
| Name of publisher, distributor, etc. | Pan Books, |
| Date of publication, distribution, etc. | 1999. |
| 300 ## - PHYSICAL DESCRIPTION | |
| Extent | xi, 564 p. : |
| Other physical details | ill., ports ; |
| Dimensions | 24 cm. |
| 520 1# - SUMMARY, ETC. | |
| Summary, etc. | "General Chuck Horner was the right man in the right place at the right time. Combining a broad experience of all aspects of aerial warfare with a deep respect for and knowledge of Arab culture, Horner commanded the U.S. and allied air assets during Desert Shield and Desert Storm - the forces of a dozen nations - and was responsible for the design and execution of one of the most devastating air campaigns in history. Never before have the Gulf air war and its planning, a process filled with controversy and stormy personalities, been revealed in such detail."--BK JACKET. "Beyond that, however, Every Man a Tiger is the story of two revolutions: of how a service damaged by Vietnam reinvented itself through vision, determination, and brutally hard work - in Horner's words, "We had to learn how to be an Air Force all over again" - and of how war changed fundamentally in the last decade of this century, not only in the new dominance of air power, but in all its aspects."--BK JACKET. |
| 600 1# - SUBJECT ADDED ENTRY--PERSONAL NAME | |
| Personal name | Horner, Chuck. |
| 650 #0 - SUBJECT ADDED ENTRY--TOPICAL TERM | |
| Topical term or geographic name entry element | Persian Gulf War, 1991 |
| 650 #0 - SUBJECT ADDED ENTRY--TOPICAL TERM | |
| Topical term or geographic name entry element | Persian Gulf War, 1991 |
| Geographic subdivision | United States. |
| 650 #0 - SUBJECT ADDED ENTRY--TOPICAL TERM | |
| Topical term or geographic name entry element | Persian Gulf War, 1991 |
| General subdivision | Aerial operations, American. |
| 700 1# - ADDED ENTRY--PERSONAL NAME | |
| Personal name | Horner, Chuck. |
| 942 ## - ADDED ENTRY ELEMENTS (KOHA) | |
| Koha item type | Book |
| Call number prefix | 956.70442092 CLA |
| Source of classification or shelving scheme | |
| Withdrawn status | Lost status | Damaged status | Not for loan | Collection code | Permanent Location | Current Location | Shelving location | Date acquired | Source of acquisition | Cost, normal purchase price | Total Checkouts | Total Renewals | Full call number | Barcode | Date last seen | Date last checked out | Price effective from | Koha item type |
|---|---|---|---|---|---|---|---|---|---|---|---|---|---|---|---|---|---|---|
| Central Library (CL) | Central Library (CL) | General Stacks | 11/27/2006 | Donation | 0.00 | 2 | 3 | 956.70442092 CLA | SEECS007816 | 11/28/2024 | 05/31/2024 | 01/05/2017 | Book |
